The women who knew too much : Hitchcock and feminist theory

Αποθηκεύτηκε σε:
Λεπτομέρειες βιβλιογραφικής εγγραφής
Κύριος συγγραφέας: Modleski, Tania 1949-
Μορφή: Βιβλίο
Γλώσσα:English
Δημοσίευση: New York; London : Routledge, 1988
Θέματα:
Ετικέτες: Προσθήκη ετικέτας
Δεν υπάρχουν, Καταχωρήστε ετικέτα πρώτοι!

MARC

LEADER 00000nam a2200000 i 4500
001 1/79667
008 050630s1988 eng d
020 |a 0-415-90176-6 
035 |l 10078818 
040 |a GR-MY-UA  |b gre  |e aacr 
041 0 |a eng 
082 0 |a 791.4302330924  |2 (22) 
100 1 |a Modleski, Tania  |d 1949- 
245 1 4 |a The women who knew too much :  |b Hitchcock and feminist theory /  |c Tania Modleski 
260 |a New York; London :   |b Routledge,   |c 1988 
300 |a 149 σ.;  |b εικ., πίν.;  |c 23 εκ. 
504 |a Περιέχει βιβλιογραφία (σ. 139-145), σημειώσεις και ευρετήριο 
600 1 0 |a Hitchcock, Alfred,   |d 1899-1980  |x Criticism and interpretation. 
650 0 0 |a Women in motion pictures. 
650 0 0 |a Feminism and motion pictures. 
852 |a INST  |b LESVOS  |e 20050630  |h 791.4302330924 MOD  |p 005100032244  |q 005100032244  |t BK  |y 0 
901 |a BIBL1-2005-2 
909 |a Λ  |b 121810 
920 |a ΕΠΕΑΕΚ ΠΜΣ ΓΥΝΑΙΚΕΣ KAI ΦΥΛΑ  |y ΛΕΣΒΟΣ  |z 2005-06 
970 |a ΚΑΡΑ  |b ΓΙΑΣΕΜΗ  |z 2005/06/30